El análisis de la población : (Registro nro. 4885)
[ vista simple ]
| 000 -LEADER | |
|---|---|
| fixed length control field | 01185nam a2200229Ia 4500 |
| 003 - CONTROL NUMBER IDENTIFIER | |
| control field | OSt |
| 005 - DATE AND TIME OF LATEST TRANSACTION | |
| control field | 20200429105052.0 |
| 008 - FIXED-LENGTH DATA ELEMENTS--GENERAL INFORMATION | |
| fixed length control field | 191128s2005 ck gr 000 0 spa d |
| 020 ## - INTERNATIONAL STANDARD BOOK NUMBER | |
| International Standard Book Number | 9588122201 |
| 040 ## - CATALOGING SOURCE | |
| Original cataloging agency | CO-JMCR |
| Transcribing agency | CO-JMCR |
| 041 0# - LANGUAGE CODE | |
| Language code of text/sound track or separate title | spa |
| 082 04 - DEWEY DECIMAL CLASSIFICATION NUMBER | |
| Classification number | 304.6 / |
| Item number | B153a |
| 100 1# - MAIN ENTRY--PERSONAL NAME | |
| Personal name | Banguero Lozano, Harold, |
| Relator term | autor |
| 9 (RLIN) | 3610 |
| 245 10 - TITLE STATEMENT | |
| Title | El análisis de la población : |
| Remainder of title | conceptos, métodos y aplicaciones / |
| Statement of responsibility, etc. | Harold Banguero Lozano |
| 260 ## - PUBLICATION, DISTRIBUTION, ETC. | |
| Place of publication, distribution, etc. | Cali : |
| Name of publisher, distributor, etc. | Universidad Autónoma de Occidente, |
| Date of publication, distribution, etc. | 2005 |
| 300 ## - PHYSICAL DESCRIPTION | |
| Extent | 948 páginas ; |
| Dimensions | 24 cm. |
| 505 ## - FORMATTED CONTENTS NOTE | |
| Formatted contents note | El estudio de la población -- Dinámica de la población mundial, de latinoamérica, de centroamérica y de Honduras: una comparación -- Fuentes de la información demográfica -- Evaluación de información demográfica -- Ajuste, interpolación y estandarización |
| 520 ## - SUMMARY, ETC. | |
| Summary, etc. | Los análisis del tamaño, composición y dinámica de la población son un punto de partida y base fundamental para cualquier ejercicio de planeación moderna, tanto en el sector público como en el privado. |
| 650 14 - SUBJECT ADDED ENTRY--TOPICAL TERM | |
| Topical term or geographic name entry element | Demografía |
| General subdivision | Estadística |
| 9 (RLIN) | 3611 |
| 650 24 - SUBJECT ADDED ENTRY--TOPICAL TERM | |
| Topical term or geographic name entry element | demográfica Indicadores |
| General subdivision | demográficos |
| 9 (RLIN) | 3612 |
| 942 ## - ADDED ENTRY ELEMENTS (KOHA) | |
| Source of classification or shelving scheme | Dewey Decimal Classification |
| Koha item type | Books |
| Withdrawn status | Lost status | Source of classification or shelving scheme | Materials specified (bound volume or other part) | Damaged status | Not for loan | Home library | Current library | Shelving location | Date acquired | Source of acquisition | Cost, normal purchase price | Total Checkouts | Full call number | Barcode | Date last seen | Copy number | Price effective from | Koha item type |
|---|---|---|---|---|---|---|---|---|---|---|---|---|---|---|---|---|---|---|
| Dewey Decimal Classification | Donación--15/04/2018-- | Biblioteca Pública José María del Castillo y Rada | Biblioteca Pública José María del Castillo y Rada | General Stacks | 11/28/2019 | Donación | 0.00 | 304.6 / B153a | 430001143 | 05/16/2024 | Ej.1 | 11/28/2019 | Books |